[Event "AUTO-MASTER-1593"]
[Site "http://www.queenalice.com/game.php?id=1031530"]
[Date "2012.2.20"]
[Round "1"]
[White "nenem"]
[Black "Francisco"]
[Result "0-1"]
[WhiteElo "1988"]
[BlackElo "2166"]

1. d4 d5 2. Nc3 Nf6 3. e3 Bf5 4. Nf3 e6 5. Bd3 Bxd3 6. Qxd3 c6 7. O-O Nbd7 8.
Bd2 Bd6 9. Rad1 O-O 10. Ne2 Ne4 11. Nc3 Ndf6 12. Ne5 Nxd2 13. Rxd2 Qc7 14. f4
Bb4 15. Rdf2 Bxc3 16. bxc3 Ne4 17. Rf3 Qa5 18. c4 Qxa2 19. f5 exf5 20. Rxf5 f6
21. cxd5 cxd5 22. Nd7 Rf7 23. Rxd5 Qxd5 24. Rf4 Rxd7 25. Rxe4 Rc8 26. Rh4 g6 27.
h3 Rdc7 28. e4 Qa2 29. d5 Rxc2 30. Rg4 Qb1+ 31. Kh2 Rxg2+ 0-1

[Event "AUTO-MASTER-1593"]
[Site "http://www.queenalice.com/game.php?id=1031541"]
[Date "2012.2.20"]
[Round "1"]
[White "xmballd"]
[Black "nenem"]
[Result "0-1"]
[WhiteElo "2077"]
[BlackElo "1967"]

1. e4 e5 2. Nf3 Nf6 3. Nxe5 Nc6 4. Nxc6 dxc6 5. Nc3 Bc5 6. Bc4 Bxf2+ 7. Kxf2
Qd4+ 8. Kg3 Qxc4 9. d4 h5 10. e5 Bg4 11. Qd3 h4+ 12. Kf2 Qxd3 13. cxd3 Nd5 14.
Nxd5 cxd5 15. h3 Bf5 16. Ke2 O-O-O 17. Bf4 g5 0-1

[Event "AUTO-MASTER-1593"]
[Site "http://www.queenalice.com/game.php?id=1031542"]
[Date "2012.2.20"]
[Round "1"]
[White "nenem"]
[Black "xmballd"]
[Result "1-0"]
[WhiteElo "1962"]
[BlackElo "2069"]

1. e4 c5 2. f4 d5 3. e5 Bf5 4. Nf3 e6 5. d4 Nc6 6. Be2 Qb6 7. O-O cxd4 8. Kh1
Rc8 9. c3 Bc5 10. cxd4 Bxd4 11. Nxd4 Nxd4 12. Be3 1-0

[Event "AUTO-MASTER-1593"]
[Site "http://www.queenalice.com/game.php?id=1031547"]
[Date "2012.2.20"]
[Round "1"]
[White "Bruscato"]
[Black "nenem"]
[Result "1/2-1/2"]
[WhiteElo "2028"]
[BlackElo "1932"]

1. e4 d5 2. exd5 e6 3. dxe6 Bxe6 4. d4 Nf6 5. c4 Be7 6. Nf3 O-O 7. Be2 h5 8. O-O
Ne4 9. d5 Bf5 10. Nd4 Nd6 11. Bxh5 Bg6 12. Bxg6 fxg6 13. Nc3 Nxc4 14. Qb3 Nd6
15. Ne6 Qd7 16. Nxf8 Bxf8 17. Be3 Na6 18. Rad1 Be7 19. Rfe1 b6 20. h3 Rf8 21.
Qc2 Nf5 22. Rd3 Nb4 23. Qb1 Nxd3 24. Qxd3 Nxe3 25. Rxe3 Bc5 26. Rf3 Rf5 27. Rxf5
Qxf5 28. Qxf5 gxf5 29. Kf1 Kf7 30. Ke2 a6 31. f3 Kf6 32. a3 b5 33. f4 Bd4 34.
Kd3 Bg1 35. g4 fxg4 36. hxg4 Bh2 37. Ne4+ Ke7 38. Ke3 Bg1+ 39. Kd3 a5 40. b3 Kd7
41. a4 c6 42. dxc6+ Kxc6 43. f5 bxa4 44. bxa4 Bh2 45. g5 Be5 46. Kc4 Bb2 47. Nc3
Kd6 48. Kb3 Bc1 49. Ne4+ Ke5 50. f6 gxf6 51. Nxf6 1/2-1/2

[Event "AUTO-MASTER-1593"]
[Site "http://www.queenalice.com/game.php?id=1031548"]
[Date "2012.2.20"]
[Round "1"]
[White "nenem"]
[Black "Bruscato"]
[Result "0-1"]
[WhiteElo "1956"]
[BlackElo "1957"]

1. f4 d5 2. Nf3 c5 3. e3 Nc6 4. Be2 Bf5 5. O-O e6 6. b3 Nf6 7. Bb2 Be7 8. Ne5
Nxe5 9. Bxe5 O-O 10. Nc3 Rc8 11. g4 d4 12. gxf5 dxc3 13. Bxc3 exf5 14. Bf3 b6
15. Bxf6 Bxf6 16. Rb1 Re8 17. Kh1 g6 18. Rf2 Qd6 19. c4 Rcd8 20. Bd5 Kg7 21. Qf3
h5 22. Rg1 Rh8 23. Qg2 a5 24. e4 fxe4 25. Bxe4 Bd4 26. Rf3 Bxg1 27. Kxg1 Qd4+
28. Re3 Rhe8 29. Kf1 Qxd2 30. Re2 Qc1+ 31. Kf2 Qxf4+ 32. Bf3 Rxe2+ 0-1

[Event "AUTO-MASTER-1608"]
[Site "http://www.queenalice.com/game.php?id=1038938"]
[Date "2012.3.14"]
[Round "1"]
[White "nemeth"]
[Black "nenem"]
[Result "1-0"]
[WhiteElo "2101"]
[BlackElo "2007"]

1. e4 e5 2. Nc3 Nf6 3. f4 exf4 4. e5 Qe7 5. Qe2 Ng8 6. Nf3 Nc6 7. d4 d6 8. Nd5
Qd7 9. Nxc7+ Kd8 10. Nxa8 b6 11. Bxf4 Bb7 12. Nxb6 axb6 13. O-O-O Nge7 14. d5
Nb4 15. e6 Qa4 16. a3 Nbxd5 17. Bxd6 fxe6 18. Qxe6 Qd7 19. Qxd7+ Kxd7 20. Bxe7
Kxe7 21. Bc4 Kd6 22. Bxd5 Bxd5 23. c4 1-0

[Event "AUTO-MASTER-1608"]
[Site "http://www.queenalice.com/game.php?id=1038939"]
[Date "2012.3.14"]
[Round "1"]
[White "nenem"]
[Black "nemeth"]
[Result "0-1"]
[WhiteElo "1979"]
[BlackElo "2103"]

1. d4 d5 2. e3 Nf6 3. Nf3 Bf5 4. Bd3 Bxd3 5. Qxd3 Nbd7 6. Nc3 e6 7. Bd2 Be7 8.
O-O O-O 9. Rfe1 c5 10. dxc5 Nxc5 11. Qe2 Nfe4 12. Rad1 Qb6 13. b3 Bf6 14. Nxe4
Nxe4 15. c4 Bc3 16. cxd5 Bxd2 17. Nxd2 Nc3 18. Qf3 Nxd1 19. Rxd1 exd5 20. Qxd5
Rad8 21. Qc4 Rc8 22. Qg4 Rfd8 23. Ne4 Rxd1+ 24. Qxd1 Qc6 25. f3 Qc1 26. Qxc1
Rxc1+ 27. Kf2 Rc2+ 28. Kg3 Rxa2 0-1

[Event "AUTO-MASTER-1608"]
[Site "http://www.queenalice.com/game.php?id=1038952"]
[Date "2012.3.14"]
[Round "1"]
[White "nenem"]
[Black "WeirdGoblin"]
[Result "0-1"]
[WhiteElo "1940"]
[BlackElo "2225"]

1. f4 e5 2. e4 d5 3. exd5 e4 4. Nc3 Nf6 5. d3 Bb4 6. dxe4 Nxe4 7. Bd2 Qh4+ 8. g3
Nxg3 9. hxg3 Qxg3+ 10. Ke2 Bg4+ 0-1

[Event "AUTO-MASTER-1608"]
[Site "http://www.queenalice.com/game.php?id=1038953"]
[Date "2012.3.14"]
[Round "1"]
[White "WeirdGoblin"]
[Black "nenem"]
[Result "1-0"]
[WhiteElo "2292"]
[BlackElo "1951"]

1. d4 f5 2. e4 e6 3. e5 c5 4. Nf3 cxd4 5. Nxd4 Bc5 6. Nb3 Qh4 7. Nxc5 Qb4+ 8.
Nc3 Qxc5 9. Qh5+ g6 10. Qe2 Nc6 11. Bf4 Nd4 12. Qd2 Ne7 13. O-O-O Ndc6 14. Re1
O-O 15. h4 a6 16. h5 b5 17. hxg6 Nxg6 18. Bh6 Rf7 19. f4 Qd4 20. Bd3 Bb7 21. Rh3
Nb4 22. a3 Nd5 23. Nxd5 Qxd5 24. g4 Qg2 25. Qxg2 Bxg2 26. Rg3 Be4 27. Bxe4 fxe4
28. Rxe4 Rc8 29. Bg5 Rc4 30. Rxc4 bxc4 31. Rc3 Nxf4 32. Rxc4 Ng6 33. Bf6 d6 34.
Rc8+ Nf8 35. exd6 Rd7 36. Be7 1-0

[Event "AUTO-MASTER-1608"]
[Site "http://www.queenalice.com/game.php?id=1038954"]
[Date "2012.3.14"]
[Round "1"]
[White "nenem"]
[Black "strutz"]
[Result "0-1"]
[WhiteElo "1968"]
[BlackElo "2058"]

1. e4 Nf6 2. e5 Nd5 3. c4 Nb6 4. d4 d6 5. f4 g6 6. Nf3 Bg7 7. Be3 O-O 8. Bd3 Bg4
9. O-O c6 10. Nbd2 dxe5 11. fxe5 Bxe5 12. Qc2 Bg7 13. Ne5 Be6 14. c5 Nd5 15. Bf4
Nb4 16. Qb1 Qxd4+ 17. Kh1 Bxe5 18. Bxe5 Qxe5 19. Nf3 Qxc5 20. a3 Nxd3 21. Qxd3
Nd7 22. Nd4 Bc4 23. Qc3 Bd5 24. Qd2 Nf6 25. b4 Qb6 26. Rae1 Qc7 27. Qg5 Ne4 28.
Qe3 a6 29. Rf4 e5 30. Ne6 exf4 31. Nxf4 Rae8 32. Qc1 Nf2+ 33. Kg1 Rxe1+ 34. Qxe1
Ne4 35. g3 Re8 36. Nd3 Nf6 37. Qc3 Ng4 0-1

[Event "AUTO-MASTER-1608"]
[Site "http://www.queenalice.com/game.php?id=1038955"]
[Date "2012.3.14"]
[Round "1"]
[White "strutz"]
[Black "nenem"]
[Result "0-1"]
[WhiteElo "2076"]
[BlackElo "1987"]

1. e4 e5 2. Nf3 Nf6 3. Nxe5 Nc6 4. Nxc6 dxc6 5. d3 Bc5 6. Be2 h5 7. Bg5 Qd4 8.
O-O Ng4 9. Be3 Nxe3 10. fxe3 Qxb2 11. Nd2 Bxe3+ 12. Kh1 Bg4 13. Nc4 Qd4 14. Bxg4
hxg4 15. Qxg4 Bh6 16. Rab1 b5 17. Nb2 Ke7 18. Qf5 f6 19. e5 Bg5 20. exf6+ Bxf6
21. Rbe1+ Kf7 22. Qe6+ Kg6 23. Nd1 Rxh2+ 24. Kxh2 Rh8+ 25. Kg3 Qh4+ 26. Kf3 Rf8
27. Qg4+ Bg5+ 0-1

[Event "AUTO-MASTER-1621"]
[Site "http://www.queenalice.com/game.php?id=1045375"]
[Date "2012.4.3"]
[Round "1"]
[White "Mannu"]
[Black "nenem"]
[Result "1-0"]
[WhiteElo "1997"]
[BlackElo "1958"]

1. e4 f5 2. e5 e6 3. Nf3 Be7 4. d4 d6 5. Bb5+ c6 6. exd6 Bxd6 7. Bc4 Nf6 8. O-O
O-O 9. Ng5 Nd5 10. Re1 Rf6 11. Nxh7 Kxh7 12. Bg5 Qe8 13. Bxf6 Nxf6 14. Nc3 b5
15. Bd3 Qh5 16. h3 Qxd1 17. Raxd1 Nbd7 18. Rxe6 Bb4 19. Rxc6 Bxc3 20. Rxc3 Nb6
21. Bxb5 Nbd5 22. Rc5 Be6 23. c4 Nf4 24. d5 Bd7 25. Bxd7 Nxd7 26. Rc7 Nf6 27. d6
Ne6 28. Re7 Re8 29. Rxe8 Nxe8 30. d7 Nf6 31. d8=Q Nxd8 32. Rxd8 Ne4 33. Ra8 1-0

[Event "AUTO-MASTER-1621"]
[Site "http://www.queenalice.com/game.php?id=1045376"]
[Date "2012.4.3"]
[Round "1"]
[White "nenem"]
[Black "Mannu"]
[Result "1-0"]
[WhiteElo "1939"]
[BlackElo "2016"]

1. f4 f5 2. Nf3 Nf6 3. e3 b6 4. Be2 Bb7 5. O-O e6 6. b3 Nc6 7. Bb2 Bd6 8. Nc3
Qe7 9. a4 a5 10. Nb5 O-O-O 11. Nxd6+ Qxd6 12. Bb5 Qe7 13. Qe2 h6 14. Bxc6 dxc6
15. Ne5 Rhg8 16. Ba3 c5 17. d4 Ne4 18. c4 g5 19. dxc5 Nxc5 20. b4 gxf4 21. Rf3
axb4 22. Bxb4 fxe3 23. Qxe3 Qf6 24. Bxc5 Bxf3 25. Qxf3 Rd5 26. Bd4 1-0

[Event "AUTO-MASTER-1621"]
[Site "http://www.queenalice.com/game.php?id=1045391"]
[Date "2012.4.3"]
[Round "1"]
[White "nenem"]
[Black "nemesisdebogota"]
[Result "0-1"]
[WhiteElo "1915"]
[BlackElo "2182"]

1. d4 d5 2. c4 c6 3. e3 Bf5 4. Bd3 e6 5. Bxf5 exf5 6. c5 g6 7. Nf3 Nf6 8. O-O
Bg7 9. Nc3 O-O 10. a4 Ne4 11. Nxe4 fxe4 12. Nd2 Na6 13. Nb3 b6 14. Qe2 Nb4 15.
f3 Qe7 16. Bd2 bxc5 17. Nxc5 Nc2 18. Rac1 Nxd4 19. exd4 Bxd4+ 20. Kh1 Bxc5 21.
fxe4 dxe4 22. Bh6 Rfd8 23. b4 Bd6 24. Rxc6 Qh4 25. Rxd6 Rxd6 26. Bf4 Re6 27. Bg3
Qe7 28. h4 Qxb4 29. Bf4 Qxa4 30. Qf2 a5 31. Be5 f5 32. Ra1 e3 33. Qxe3 Qxa1+ 34.
Kh2 Qxe5+ 0-1

[Event "AUTO-MASTER-1621"]
[Site "http://www.queenalice.com/game.php?id=1045392"]
[Date "2012.4.3"]
[Round "1"]
[White "nemesisdebogota"]
[Black "nenem"]
[Result "1-0"]
[WhiteElo "2176"]
[BlackElo "1921"]

1. d4 f5 2. g3 e6 3. Bg2 Nf6 4. Nf3 Be7 5. O-O O-O 6. c4 Nc6 7. d5 exd5 8. cxd5
Nb8 9. Nd4 d6 10. Ne6 Bxe6 11. dxe6 Nc6 12. Nc3 a6 13. e4 fxe4 14. Nxe4 Nxe4 15.
Bxe4 Qe8 16. Be3 Bf6 17. f4 Kh8 18. f5 Rb8 19. Rb1 Ne5 20. Ba7 Ra8 21. Bd4 Ng4
22. Rf4 Bxd4+ 23. Qxd4 Ne5 24. Bxb7 Qh5 25. e7 Rfe8 26. Bxa8 Rxa8 27. f6 gxf6
28. Rxf6 Kg7 29. Rbf1 Re8 30. R1f5 Qe2 31. Rf7+ Kg6 32. R5f6+ Kg5 33. Qh4# 1-0

[Event "AUTO-MASTER-1621"]
[Site "http://www.queenalice.com/game.php?id=1045393"]
[Date "2012.4.3"]
[Round "1"]
[White "nenem"]
[Black "Elemptis"]
[Result "0-1"]
[WhiteElo "1924"]
[BlackElo "2155"]

1. e4 e6 2. f4 d5 3. exd5 exd5 4. Nf3 Nf6 5. d4 Nc6 6. Bb5 Bd7 7. Be3 Bd6 8. O-O
O-O 9. Nc3 a6 10. Bxc6 Bxc6 11. Ne5 Re8 12. Qf3 Bb4 13. Ne2 Ne4 14. c3 Be7 15.
Ng4 f5 16. Ne5 Bh4 17. g3 Bf6 18. g4 fxg4 19. Nxg4 Bd7 20. Ne5 Bf5 21. Kh1 Nd2
22. Bxd2 Be4 0-1

[Event "AUTO-MASTER-1621"]
[Site "http://www.queenalice.com/game.php?id=1045394"]
[Date "2012.4.3"]
[Round "1"]
[White "Elemptis"]
[Black "nenem"]
[Result "1-0"]
[WhiteElo "2150"]
[BlackElo "1931"]

1. e4 e5 2. Nf3 Nf6 3. Nxe5 Nc6 4. Nxc6 dxc6 5. f3 Nxe4 6. fxe4 Qh4+ 7. g3 Qxe4+
8. Qe2 Bf5 9. d3 Qxe2+ 10. Bxe2 O-O-O 11. Nc3 Bb4 12. O-O Bc5+ 13. Kg2 a6 14.
Rxf5 Bd6 15. Rxf7 g6 16. Bh6 Be5 17. Bg7 Rhe8 18. Bxe5 Rxe5 19. Raf1 b5 20. Rf8
b4 21. Ne4 1-0

[Event "OS INCLIVEIS"]
[Site "http://www.queenalice.com/game.php?id=1056838"]
[Date "2012.5.6"]
[Round "-"]
[White "adelio"]
[Black "nenem"]
[Result "0-1"]
[WhiteElo "1670"]
[BlackElo "1946"]

1. d4 f5 2. d5 Nf6 3. c4 g6 4. Nc3 Bg7 5. f3 O-O 6. Bg5 d6 7. Bxf6 Bxf6 8. g3 e5
9. dxe6 Bxe6 10. e3 Nc6 11. a3 Ne5 12. h4 Rc8 13. b3 c6 14. Ra2 Nxf3+ 15. Nxf3
Bxc3+ 16. Kf2 Qf6 17. Kg1 d5 18. Ng5 Qe5 19. Rg2 Qxe3+ 20. Kh2 f4 21. Nxe6 fxg3+
22. Rxg3 Be5 23. Rg1 Rf2+ 24. Kh3 Bxg3 25. Rxg3 Qxe6+ 26. Rg4 h5 27. Bg2 Qxg4+
28. Qxg4 hxg4+ 29. Kxg4 Rxg2+ 30. Kf3 Rb2 31. cxd5 cxd5 32. b4 Re8 33. Kf4 Rf2+
34. Kg5 Kg7 35. Kg4 Ref8 36. Kg3 Kh6 37. Kg4 R2f3 38. b5 R8f4# 0-1

[Event "Challenge"]
[Site "http://www.queenalice.com/game.php?id=1057192"]
[Date "2012.5.7"]
[Round "-"]
[White "JD"]
[Black "nenem"]
[Result "0-1"]
[WhiteElo "1709"]
[BlackElo "1939"]

1. Nf3 d5 2. Nc3 d4 3. Nb5 c5 4. d3 Qa5+ 5. c3 Qxb5 6. a4 Qd7 7. Qb3 Nc6 8. cxd4
Nxd4 9. Qc4 Nxf3+ 10. gxf3 e5 11. e4 Nf6 12. Qc2 Bd6 13. h4 O-O 14. h5 h6 15.
Rg1 Kh7 16. f4 exf4 17. d4 Re8 18. e5+ Kg8 19. Be2 Nd5 20. exd6 Qxd6 21. dxc5
Qe5 22. f3 Bf5 23. Qd2 Nb4 24. Kf2 Rad8 25. Qxf4 Qxe2+ 26. Kg3 Qe5 27. Qxe5 Rxe5
28. Kh4 Rd4+ 29. Kg3 Rxc5 30. Be3 Rdc4 31. Bxc5 Rxc5 32. Rad1 Bc2 33. Rd7 Rxh5
34. Rxb7 a5 35. Kg4 Rg5+ 36. Kh4 Rxg1 37. b3 Bxb3 38. f4 Bxa4 39. f5 Bd1 40. f6
gxf6 41. Kh3 Kg7 42. Kh2 Rh1+ 43. Kg3 Nd3 44. Ra7 Rg1+ 45. Kh2 Rg5 46. Kh3 Nf4+
47. Kh4 Rg4# 0-1

[Event "Challenge"]
[Site "http://www.queenalice.com/game.php?id=1061307"]
[Date "2012.5.19"]
[Round "-"]
[White "rodrigochess"]
[Black "nenem"]
[Result "1-0"]
[WhiteElo "1265"]
[BlackElo "1895"]

1. e4 a5 2. Nc3 e5 3. Nf3 d6 4. d3 Nc6 5. Be2 Nf6 6. Bg5 Be7 7. O-O O-O 8. Bxf6
Bxf6 9. Re1 Be6 10. Nd5 Bxd5 11. exd5 Ne7 12. h3 Nxd5 13. c3 b5 14. a3 c5 15. b3
e4 16. dxe4 Nxc3 17. Qc1 Nxe2+ 18. Rxe2 Bxa1 19. Qxa1 d5 20. exd5 Qxd5 21. Qe1
Qxb3 22. Ne5 1-0